000 01824nam0a2200337 4500
001 RU\NLR\bibl\1944352
005 20260503054020.0
020 _aRU
_b20-7568
_9Летопись авторефератов диссертаций
021 _aRU
_b2012-1296а
_9052аа
035 _a(NLR Aleph) 001933596
090 _a3469332
_c3469332
100 _a20120615d2012 u u0rusy50 ca
101 0 _arus
102 _aRU
105 _aa dm |||||
200 1 _aУправление крупным многопрофильным газодобывающим предприятием
_e(на примере ООО "Газпром добыча Надым")
_eавтореф. дис. на соиск. учен. степ. к. э. н.
_eспециальность 08.00.05 <Экономика и управление народным хозяйством по отраслям и сферам деятельности>
_fМеньшиков Сергей Николаевич
_g[Рос. акад. нар. хоз-ва и гос. службы при Президенте РФ]
210 _aНадым
_d2012
215 _a26 с.
_cил.
_d21
320 _aБиблиогр.: с. 24-26 (15 назв.)
675 _a338
_v3
_zrus
686 _a06.75
_2rugasnti
686 _a65
_2rubbk
686 _a08.00.05
_2oksvnk
700 1 _4070
_aМеньшиков
_bС. Н.
_cканд. экон. наук, нефтегазовое производство
_f1968-
_gСергей Николаевич
_9128451
_3RU\NLR\AUTH\770128482
801 0 _aRU
_bRKP
_c20120615
_gPSBO
801 1 _aRU
_bRKP
_c20120615
801 2 _aRU
_bNLR
_c20120912
_grcr
901 _eАвторефераты
942 _cBOOK
981 1 0 _a(10) Авторефераты